Statistics for Click countries were a part of the Roman empire

Click here to take the quiz!

General Stats

  • This quiz has been taken 25 times
  • The average score is 33 of 46

Answers on the Map

Answers color-coded by a green-red scale on the quiz's map according to % correct below.
 

Answer Stats

Answer% Correct
Algeria
94%
Egypt
89%
France
89%
Germany
89%
Greece
89%
Italy
89%
Turkey
89%
UK
89%
Albania
83%
Austria
83%
Azerbaijan
83%
Belgium
83%
Bulgaria
83%
Cyprus
83%
Iraq
83%
Portugal
83%
Spain
83%
Tunisia
83%
Ukraine
83%
Bosnia and Herzegovina
78%
Croatia
78%
Malta
78%
Morocco
78%
Romania
78%
Switzerland
78%
Syria
78%
Armenia
72%
Hungary
72%
Israel
72%
Jordan
72%
Kuwait
72%
Libya
72%
Slovenia
72%
Montenegro
67%
North Macedonia
67%
Serbia
67%
Kosovo
61%
Lebanon
61%
Luxembourg
61%
Palestine
56%
Andorra
50%
Liechtenstein
39%
The Netherlands
33%
Monaco
28%
San Marino
28%
Vatican City
22%

Score Distribution

Percentile by Number Answered

Percent of People with Each Score

Your Score History

You have not taken this quiz